FIFA WM-Finalisten - Sudden Death - Statistiken

Allgemein
  • Dieses Quiz wurde 1.866 mal gespielt
  • Das Durchschnittsergebnis liegt bei 8 aus 13
Answers on the Grid
Answers color-coded by a green-red scale on the quiz's grid according to % correct below.
Deutschland
Brasilien
Italien
Argentinien
Frankreich
Niederlande
Uruguay
Tschechoslowakei
Ungarn
England
Spanien
Schweden
Kroatien
Mexiko
Belgien
Jugoslawien
Schweiz
Sowjetunion
Südkorea
Vereinigte Staaten
Chile
Polen
Paraguay
Schottland
Portugal
Kamerun
Österreich
Bulgarien
Rumänien
Japan
 
Antwortstatistiken
Antwort % Korrekt
Deutschland
81%
Frankreich
76%
Spanien
76%
Brasilien
75%
Argentinien
73%
England
73%
Italien
72%
Niederlande
66%
Uruguay
63%
Kroatien
62%
Ungarn
48%
Schweden
29%
Tschechoslowakei
19%
Keine übereinstimmenden Quizze gefunden
Verteilung der Resultate
Anzahl Personen mit jedem Resultat
Perzentil nach korrekt beantworteten Fragen
Ihre Resultats-Entwicklung
Sie haben dieses Quiz noch nicht gespielt